| 000 | 00825nam a2200205Ia 4500 | ||
|---|---|---|---|
| 008 | 0000001986 gw a 0000000000ger00 | ||
| 090 | _aPSZ00 C17l | ||
| 100 | 1 |
_aCastelli, Luciano _d1951 |
|
| 245 | 1 | 0 |
_aA look behind the screen _b: Luciano Castelli 1986 _c/ photos Luciano Castelli, Birgit Hoffmeister |
| 300 |
_a32 p. _c/ 30 cm. |
||
| 500 | _aExposición realizada en Raab Galerie, Berlin, 1986 \ Texto en inglés, alemán y chino \ Con el patronazgo del maestro venezolano Jesús Rafael Soto (q.e.p.d.) | ||
| 600 | 0 | 0 |
_aCASTELLI, LUCIANO, 1951/ _xTRABAJOS PICTORICOS |
| 650 | 1 | 4 | _aARTE CONTEMPORANEO SUIZO |
| 650 | 1 | 4 | _xCATALOGOS |
| 650 | 1 | 4 | _xEXPOSICIONES |
| 650 | 1 | 4 | _aPINTORES SUIZOS |
| 650 | 1 | 4 | _aPINTURA SUIZA |
| 700 | 1 | _aHoffmeister, Birgit | |
| 999 |
_c6247 _d6247 |
||
| 260 |
_aBerlin : Raab Galerie Berlin _c1986 |
||